000 00553nam a2200205Ia 4500
005 20250508161951.0
008 008 250505s9999 xx 000 0 eng d
020 _a0-210-33621-8
037 _aTextual
040 _aFEDL
_beng
_cFEDL
041 _aeng
_2eng
084 _a342.54, PYL
_qFEDL
100 _aPylee M. V.
245 0 _aConstitutional government in India
260 _aBombay, India
_bAsia Publishing House
_c1977
300 _axix,955p.
650 _aLaw
942 _cTEXL
_h342.54, PYL
999 _c1373558
_d1373558